书目信息 |
| 题名: |
假肢与矫形器学
|
|
| 作者: | 赵辉三 主编 | |
| 分册: | ||
| 出版信息: | 北京 华夏出版社 2013.08 |
|
| 页数: | 435页 | |
| 开本: | 26cm | |
| 丛书名: | ||
| 单 册: | ||
| 中图分类: | R318.17 , R687.1 | |
| 科图分类: | ||
| 主题词: | 假肢--jia zhi--技术--医学院校--教材 , 矫形外科学--jiao xing wai ke xue--医疗器械--医学院校--教材 , 假肢--jia zhi , 矫形外科学--jiao xing wai ke xue , 医疗器械--yi liao qi xie | |
| 电子资源: | ||
| ISBN: | 978-7-5080-7644-7 | |
| 000 | 01618nam0 2200325 450 | |
| 001 | 0109110114 | |
| 005 | 20201109155623.23 | |
| 010 | @a978-7-5080-7644-7@dCNY49.90 | |
| 100 | @a20140429e20192013em y0chiy50 ea | |
| 101 | 0 | @achi |
| 102 | @aCN@b110000 | |
| 105 | @aa z 000yy | |
| 106 | @ar | |
| 200 | 1 | @a假肢与矫形器学@Ajia zhi yu jiao xing qi xue@dProsthetics and orthotics@f赵辉三主编@zeng |
| 205 | @a2版 | |
| 210 | @a北京@c华夏出版社@d2013.08@h2019.01 | |
| 215 | @a435页@c图@d26cm | |
| 300 | @a高等医学院校康复治疗学专业教材 | |
| 330 | @a本书的修订工作主要有以下几个方面:为了适应残疾人全面康复工作的需求,促进医工结合,结构上在原有章节基础上归纳为假肢学、矫形器学、残疾人辅具、矫形器及其他残疾人辅具在康复治疗中的应用四章;增加了假肢矫形器以外的残疾人辅助器具介绍,如日常生活中沟通辅助器具、肢残人汽车驾驶辅助器具等;在假肢矫形器方面增加了一些国内外先进、成熟的产品介绍;在二章六节矫形器治疗技术分析和处方中保留了下肢部分,省略了上肢和脊柱部分;为了帮助学生更多地了解矫形器及其他残疾人辅助器具相关的临床应用知识,除了改写了原有的在儿麻、偏瘫、小儿脑瘫、脊髓损伤等康复治疗中的应用之外,又增加了在创伤治疗、类风湿治疗、关节置换术后的应用介绍。 | |
| 510 | 1 | @aProsthetics and orthotics@zeng |
| 606 | 0 | @a假肢@Ajia zhi@x技术@x医学院校@j教材 |
| 606 | 0 | @a矫形外科学@Ajiao xing wai ke xue@x医疗器械@x医学院校@j教材 |
| 606 | 0 | @a假肢@Ajia zhi |
| 606 | 0 | @a矫形外科学@Ajiao xing wai ke xue |
| 606 | 0 | @a医疗器械@Ayi liao qi xie |
| 690 | @aR318.17@v5 | |
| 690 | @aR687.1@v5 | |
| 701 | 0 | @a赵辉三@Azhao hui san@4主编 |
| 801 | 0 | @aCN@bBJSZM@c20201103 |
| 905 | @b1267029-32@dR318.17@e348:2@f4 | |
| 假肢与矫形器学=Prosthetics and orthotics/赵辉三主编.-2版.-北京:华夏出版社,2013.08(2019.01) |
| 435页:图;26cm |
| 高等医学院校康复治疗学专业教材 |
| ISBN 978-7-5080-7644-7:CNY49.90 |
| 本书的修订工作主要有以下几个方面:为了适应残疾人全面康复工作的需求,促进医工结合,结构上在原有章节基础上归纳为假肢学、矫形器学、残疾人辅具、矫形器及其他残疾人辅具在康复治疗中的应用四章;增加了假肢矫形器以外的残疾人辅助器具介绍,如日常生活中沟通辅助器具、肢残人汽车驾驶辅助器具等;在假肢矫形器方面增加了一些国内外先进、成熟的产品介绍;在二章六节矫形器治疗技术分析和处方中保留了下肢部分,省略了上肢和脊柱部分;为了帮助学生更多地了解矫形器及其他残疾人辅助器具相关的临床应用知识,除了改写了原有的在儿麻、偏瘫、小儿脑瘫、脊髓损伤等康复治疗中的应用之外,又增加了在创伤治疗、类风湿治疗、关节置换术后的应用介绍。 |
| ● |
| 相关链接 |
|
|
|
|
正题名:假肢与矫形器学
索取号:R318.17/348:2
 
预约/预借
| 序号 | 登录号 | 条形码 | 馆藏地/架位号 | 状态 | 备注 |
| 1 | 1267029 | 212670297 | 第二样本阅览室/ [索取号:R318.17/348:2] | 在馆 | |
| 2 | 1267030 | 212670304 | 教育系资料室/ [索取号:R318.17/348:2] | 在馆 | |
| 3 | 1267031 | 212670313 | 教育系资料室/ [索取号:R318.17/348:2] | 在馆 | |
| 4 | 1267032 | 212670322 | 第三借阅区/ [索取号:R318.17/348:2] | 在馆 |